|
|
|
|
| LEADER |
00000cam a22000004a 4500 |
| 001 |
musev2_65263 |
| 003 |
MdBmJHUP |
| 005 |
20230905050723.0 |
| 006 |
m o d |
| 007 |
cr||||||||nn|n |
| 008 |
171112s1974 onc o 00 0 eng d |
| 020 |
|
|
|a 9781772820249
|
| 020 |
|
|
|z 1772820245
|
| 035 |
|
|
|a (OCoLC)1011324265
|
| 040 |
|
|
|a MdBmJHUP
|c MdBmJHUP
|
| 041 |
0 |
|
|a eng
|a fre
|
| 100 |
1 |
|
|a Reeves, Brian O. K.
|
| 245 |
1 |
0 |
|a Crowsnest Pass Archaeological Project :
|b 1973 Salvage Excavations and Survey Paper No. 2: Preliminary Report /
|c B.O.K. Reeves.
|
| 264 |
|
1 |
|a Ottawa :
|b National Museum of Man, National Museums of Canada,
|c 1974.
|
| 264 |
|
3 |
|a Baltimore, Md. :
|b Project MUSE,
|c 2020
|
| 264 |
|
4 |
|c ©1974.
|
| 300 |
|
|
|a 1 online resource (102 pages):
|b illustrations, plates, maps
|
| 336 |
|
|
|a text
|b txt
|2 rdacontent
|
| 337 |
|
|
|a computer
|b c
|2 rdamedia
|
| 338 |
|
|
|a online resource
|b cr
|2 rdacarrier
|
| 490 |
0 |
|
|a Archaeological Survey of Canada. Paper ;
|v no. 24
|
| 490 |
0 |
|
|a Mercury series
|
| 505 |
0 |
|
|a Paper no. 1, 1972 salvage excavations and survey, preliminary report. -- paper no. 2. 1973 salvage excavations and survey, preliminary report.
|
| 588 |
|
|
|a Description based on print version record.
|
| 651 |
|
7 |
|a Canada
|z Crowsnest Pass.
|2 fast
|0 (OCoLC)fst01310201
|
| 651 |
|
7 |
|a Alberta.
|2 fast
|0 (OCoLC)fst01204828
|
| 651 |
|
6 |
|a Nid-de-Corbeau, Passe du (Alb. et C.-B.)
|
| 651 |
|
0 |
|a Crowsnest Pass (Alta. and B.C.)
|
| 650 |
|
7 |
|a Indians of North America
|x Antiquities.
|2 fast
|0 (OCoLC)fst00969645
|
| 650 |
|
7 |
|a Excavations (Archaeology)
|2 fast
|0 (OCoLC)fst00917564
|
| 650 |
|
6 |
|a Indiens d'Amerique
|z Alberta
|x Antiquites.
|
| 650 |
|
0 |
|a Excavations (Archaeology)
|z Alberta.
|
| 650 |
|
0 |
|a Indians of North America
|z Alberta
|x Antiquities.
|
| 655 |
|
7 |
|a Electronic books.
|2 local
|
| 710 |
2 |
|
|a Project Muse.
|e distributor
|
| 830 |
|
0 |
|a Book collections on Project MUSE.
|
| 856 |
4 |
0 |
|z Texto completo
|u https://projectmuse.uam.elogim.com/book/65263/
|
| 945 |
|
|
|a Project MUSE - Custom Collection
|
| 945 |
|
|
|a Project MUSE - Archive Complete Supplement VIII
|
| 945 |
|
|
|a Project MUSE - Archive Archaeology and Anthropology Supplement VIII
|